000 00838nam a2200289 a 4500
001 29018
003 AR-BaAGN
005 20231207141951.0
007 ta
008 220625s1994 ag |||||r|||| ||||||spa d
020 _a950-714-049-2
040 _dAR-BaAGN
_aAR-BaAGN
_bspa
_eaacr
100 1 _aArmas Pfirter, Frida M.
245 1 0 _aEl derecho internacional de pesquerías y frente marítimo del río de la Plata
250 _a1ª ed.
260 _aBuenos Aires :
_bConsejo Argentino para las Relaciones Internacionales,
_c1994.
300 _a405 páginas
336 _2rdacontent
_btxt
337 _2rdamedia
_bn
338 _2rdacarrier
_bnc
650 4 _aPLATAFORMA MARÍTIMA
_94696
650 4 _aPESCA
_94697
650 4 _aDERECHO INTERNACIONAL
_91509
651 4 _aArgentina
_93645
942 _cLIBRO
_n0
999 _c29018
_d29018